Gaming Quiz

Random Gaming or Song Quiz

Figure Out The Trey Songz song Quiz Stats

 Plays Quiz not verified by Sporcle

Score 0/93 Timer 10:00
0 Plays Today
Can you name the popular Trey Song'z son 2010 % Correct
a
85.6%
and
85.6%
And
85.6%
and
85.6%
and
85.6%
and
85.6%
i
85%
i
85%
i
85%
i
85%
i
85%
i
85%
love
76.1%
love
76.1%
you
70.3%
you
70.3%
me
64.4%
me
64.4%
me
64.4%
me
64.4%
we
63%
we
63%
we
63%
be
62.7%
be
62.7%
girl
60.9%
to
60.8%
in
59.6%
in
59.6%
cant
59.1%
it
57.1%
Can you name the popular Trey Song'z son 2010 % Correct
it
57.1%
no
56%
no
56%
She
54.9%
she
54.9%
she
54.9%
what
53.5%
friends
53.5%
friends
53.5%
did
53.2%
did
53.2%
this
52.3%
with
51.7%
with
51.7%
that
51.4%
that
51.4%
Look
50.9%
so
50.6%
never
49.4%
never
49.4%
never
49.4%
way
48.7%
way
48.7%
just
48.4%
good
47.9%
good
47.9%
know
47.9%
ain't
47.3%
aint
47.3%
done
47.2%
wish
47.2%
Can you name the popular Trey Song'z son 2010 % Correct
wish
47.2%
wish
47.2%
now
46.5%
now
46.5%
cut
45.3%
were
45.3%
from
45.1%
gone
45.1%
off
44.8%
hell
44.6%
here
43.7%
deep
43.7%
fell
43.6%
those
43.1%
days
42.9%
crazy
42.9%
told
42.8%
i'm
42.8%
too
42.5%
half
41.7%
loved
41.7%
about
41.4%
there
41.4%
there
41.4%
sitting
40.7%
still
40%
going
39.1%
thinks
38.8%
cause
38.2%
could
29.7%
had
19.1%

You're not logged in!

Compare scores with friends on all Sporcle quizzes.
OR
Log In

Show Comments

Extras

Top Quizzes Today


Score Distribution

Your Account Isn't Verified!

In order to create a playlist on Sporcle, you need to verify the email address you used during registration. Go to your Sporcle Settings to finish the process.

Report this User

Report this user for behavior that violates our Community Guidelines.

Details: